Šťastný pán Cyprián /

Main Author: Glocko, Peter, 1946-2019
Language: Slovak
Published: Bratislava : Slovenský spisovateľ, 1980
Edition: 1. vyd.
Series: Nová próza (Slovenský spisovateľ)
Physical Description: 347 s. : il.
Book
Saved in:
LEADER 00771nam a22002412a 4500
001 001146026
003 CZ BrMZK
005 20110801090321.0
007 ta
008 110426s1980 xo a er|||||||||||slo d
040 |a ABA001  |b cze  |c ABA001  |d ABA001  |d BOA001 
080 9 |a 885.4-31 
100 1 |a Glocko, Peter,  |d 1946-2019  |7 jn20000601892  |4 aut 
245 1 0 |a Šťastný pán Cyprián /  |c Peter Glocko ; ilustroval Peter Bartoš 
250 |a 1. vyd. 
260 |a Bratislava :  |b Slovenský spisovateľ,  |c 1980 
300 |a 347 s. :  |b il. 
490 1 |a Nová próza 
830 0 |a Nová próza (Slovenský spisovateľ) 
910 |a BOA001  |b 2-0828.609 
990 |a BK 
991 |b 201104 
996 7 |b 2619411069  |c 2-0828.609  |l MZK  |r Sklad / do 1 hodiny  |n 0  |w 001178548  |u 000010  |a 1  |e BOA001  |j MZK50  |s A